000 00705nam a22002177a 4500
003 OSt
005 20250514102437.0
008 250429b |||||||| |||| 00| 0 eng d
020 _a9781107037090
040 _cRDA
100 _aLAWRENCE,ADRIA K.,
_9753408
245 _aIMPERIAL RULE AND THE POLITICS OF NATIONALISM:
_bAnti-Colonial Protest in The French Empire
_cby Adria K. Lawrence
260 _aUK:
_bCAMBRIDGE,
_c2013
300 _axx,276p.
490 _aProblems Of International Politics
500 _aSeries editors: Keith Darden and Ian Shapiro
650 _2Politics
700 _aDarden, Keith.,
_eeditors
_9784299
700 _aShapiro, Ian.,
_eeditors
_9784300
942 _2CC
_cGB
_n0
_e1
999 _c1309739
_d1309739